000 00919nam a2200265Ia 4500
003 OSt
005 20220923211208.0
006 a|||||r|||| 00| 0
007 ta
008 220922b |||||||| |||| 00| 0 pan d
020 _a9780995928749 (hbk)
_c225
024 _a349,476
037 _b172, 15/02/2019, National Book Shop
_cTextual
040 _aARTS
_cARTS
_bpan
041 _2pan
_apan
082 _aO153,3NRA7,ER, Q7
100 _aਰਾਣਾ, ਜਸਵੀਰ ਸਿੰਘ, ਂਚ.
_9159431
245 0 _aਇਥੋ੍ਵ ਰੇਗਿਸਤਾਨ ਦਿਸਦਾ ਹੈ
260 _c2017
300 _a158ਪ੍ਰ0
_ccm.
650 _a ਪੰਜਾਬੀ ਕਹਾਣੀ
650 _aਪੰਜਾਬੀ ਸਾਹਿਤ
942 _hO153,3NRA7,ER, Q7
_cTEXL
_2CC
999 _c296653
_d296653